| 000 | 00444nam a22001937a 4500 | ||
|---|---|---|---|
| 003 | MPLRDC | ||
| 005 | 20220104123716.0 | ||
| 008 | 210129b ||||| |||| 00| 0 eng d | ||
| 020 | _a962-429-016-4 | ||
| 082 | _a857.621 NK-35 v.3 | ||
| 100 | _a倪匡著 | ||
| 245 |
_a宝刀 _c |
||
| 250 | _a初版 | ||
| 260 |
_a _b繁荣出版社 _c1990 |
||
| 300 | _b平 | ||
| 490 | _a倪匡奇幻系列 | ||
| 650 | _a | ||
| 942 |
_cBK _o857.621 NK-35 v.3 |
||
| 999 |
_c13560 _d13550 |
||